000 00263nam a2200109Ia 4500
005 20251222142016.0
008 251222s9999||||xx |||||||||||||| ||spa||
082 _a791.438.5/C76
245 0 _aEl Centenario del Cine en el PerĂº
264 _bCONACINE
942 _cLIB
999 _c10485
_d10485